Signal processing using optics : Fundamentals, devices, architectures, and applications
The book covers the fundamental aspects of optical signal processing at an introductory level and also discusses more applied topics. It continues on with coverage of devices, architectures, and prominent applications.
Enregistré dans:
| Auteur principal: | |
|---|---|
| Format: | Livre |
| Langue: | Undetermined |
| Publié: |
Oxford
Oxford Univ. Pres
1998
|
| Sujets: | |
| Tags: |
Ajouter un tag
Pas de tags, Soyez le premier à ajouter un tag!
|
| Thư viện lưu trữ: | Trung tâm Học liệu Trường Đại học Cần Thơ |
|---|
| LEADER | 00850nam a2200217Ia 4500 | ||
|---|---|---|---|
| 001 | CTU_42397 | ||
| 008 | 210402s9999 xx 000 0 und d | ||
| 020 | |c 2910000 | ||
| 082 | |a 621.367 | ||
| 082 | |b B724 | ||
| 100 | |a Boone, Bardley Gilbert | ||
| 245 | 0 | |a Signal processing using optics : | |
| 245 | 0 | |b Fundamentals, devices, architectures, and applications | |
| 245 | 0 | |c Bardley Gilbert Boone | |
| 260 | |a Oxford | ||
| 260 | |b Oxford Univ. Pres | ||
| 260 | |c 1998 | ||
| 520 | |a The book covers the fundamental aspects of optical signal processing at an introductory level and also discusses more applied topics. It continues on with coverage of devices, architectures, and prominent applications. | ||
| 650 | |a Optical data processing,Signal processing | ||
| 904 | |i Minh, Hải | ||
| 980 | |a Trung tâm Học liệu Trường Đại học Cần Thơ | ||